000
00267nam a2200097Ia 4500
001
1051525
005
20250827001229.0
008
250824s9999 xx 000 0 und d
245
0
_a
AŞKA AĞLAYAN DERVİŞ YUNUS EMRE
_c
MAHMUT ULU
260
_b
KARATAY AKADEMİ YAYINLARI
999
_c
1051525
_d
1051525